000
00293nam a22001337a 4500
008
181025b xxu||||| |||| 00| 0 eng d
020
_a
9780558390181
041
_a
eng
080
_a
616.073
100
_a
6
101
_a
GJEN
245
_a
Concepts of Genetics
_c
Klug,W.S
942
_2
udc
_c
BK
999
_c
50890
_d
50890